000 00579nam a22001577a 4500
003 NUST
082 _a610
100 _a Munir ,Ramsha
_94977
245 _aSynthesis of a Novel Formulation for Enhancing the Drug Absorption of a Commercially Available Topical Analgesic Cream. /
_cRamsha Munir
264 _aIslamabad:
_bSMME- NUST.
_c2021.
300 _a96p. ;
_bSoft Copy,
_c30cm.
650 _aMS Biomedical Sciences (BMS)
700 _aSupervisor : Dr. Murtaza Najabat Ali
_9119580
856 _uhttp://10.250.8.41:8080/xmlui/handle/123456789/28159
942 _2ddc
_cTHE
999 _c608939
_d608939